000
00289nam a2200145Ia 4500
100
_a
GULATI/P.
942
_c
BK
366
_f
20
245
_a
SOCIAL STUDIES.
260
_b
Tata McGrawhill
_a
New Delhi
082
_a
362.85/GUL
_b
GUL
300
_a
186
546
_a
ENGLISH
999
_c
23910
_d
23910